000
00219 a2200097 4500
001
55335
100
_a
245
_a
Simple elegant napkins
260
_a
London
_b
Najaf Publishers
_c
2006
090
_c
34322
_d
34322
942
_a
NUST-CAE
_c
MONOGRAPH
_c
27028
999
_c
290408
_d
290408